Statistics for 2022-23 Premier League Managers

Click here to take the quiz!

General Stats

  • This quiz has been taken 26 times
  • The average score is 23 of 42

Answer Stats

ClubNationManager% Correct
ArsenalSpainMikel Arteta
100%
LiverpoolGermanyJürgen Klopp
92%
Manchester CitySpainPep Guardiola
92%
Aston VillaSpainUnai Emery
92%
Manchester UnitedNetherlandsErik ten Hag
88%
ChelseaEnglandFrank Lampard
88%
Tottenham HotspurItalyAntonio Conte
88%
EvertonEnglandFrank Lampard
88%
Brighton & Hove AlbionEnglandGraham Potter
88%
ChelseaEnglandGraham Potter
88%
Newcastle UnitedEnglandEddie Howe
83%
Crystal PalaceFrancePatrick Vieira
83%
Aston VillaEnglandSteven Gerrard
83%
Brighton & Hove AlbionItalyRoberto De Zerbi
83%
Leicester CityNorthern IrelandBrendan Rodgers
79%
ChelseaGermanyThomas Tuchel
79%
Crystal PalaceEnglandRoy Hodgson
79%
West Ham UnitedScotlandDavid Moyes
71%
Leeds UnitedUnited StatesJesse Marsch
67%
FulhamPortugalMarco Silva
67%
EvertonEnglandSean Dyche
67%
BrentfordDenmarkThomas Frank
63%
Leeds UnitedEnglandSam Allardyce
58%
Tottenham HotspurEnglandRyan Mason
54%
Nottingham ForestWalesSteve Cooper
50%
BournemouthEnglandGary O'Neil
46%
BournemouthEnglandScott Parker
46%
Wolverhampton WanderersSpainJulen Lopetegui
46%
Leicester CityEnglandDean Smith
38%
Manchester UnitedGermanyRalf Rangnick
38%
SouthamptonAustriaRalph Hasenhüttl
38%
Wolverhampton WanderersPortugalBruno Lage
21%
SouthamptonWalesNathan Jones
21%
ChelseaSpainBruno Saltor
17%
Tottenham HotspurItalyCristian Stellini
17%
Leeds UnitedSpainJavi Gracia
13%
SouthamptonSpainRubén Sellés
13%
Wolverhampton WanderersEnglandSteve Davis
4%
Aston VillaEnglandAaron Hanks
0%
Leicester CityEnglandAdam Sadler
0%
Leeds UnitedEnglandMichael Skubala
0%
Crystal PalaceIrelandPaddy McCarthy
0%

Score Distribution

Percentile by Number Answered

Percent of People with Each Score

Your Score History

You have not taken this quiz